| 000 | 01194cam a2200325 a 4500 | ||
|---|---|---|---|
| 001 | 000007493 | ||
| 003 | DO-SdBNP | ||
| 005 | 20251105110124.0 | ||
| 008 | 930517s1992 cu b 000 0 spa | ||
| 035 | _a(DLC) 93154223 | ||
| 040 |
_aDO-SdBNP _cDLC _dBNPHU |
||
| 049 | _aBNGR | ||
| 082 |
_aV864.4 _bP598c |
||
| 100 | 1 |
_aPicón-Salas, Mariano, _d1901-1965. _99942 |
|
| 245 | 1 | 3 |
_aLa conquista del amanecer / _cMariano Picón Salas ; selección y prólogo José Prats Sariol ; edición Clara Hernández. |
| 260 |
_aCiudad de La Habana : _bCasa de las Américas, _c1992. |
||
| 300 |
_axlvii, 516 p. ; _c19 cm. |
||
| 490 | 1 |
_aLiteratura latinoamericana _v131 |
|
| 504 | _aIncluye referencias bibliográficas al pie de las páginas. | ||
| 504 | _aBibliografía: p. 511-516. | ||
| 650 | 4 |
_aEnsayos venezolanos _94376 |
|
| 650 | 4 |
_aLiteratura venezolana _93816 |
|
| 651 | 0 |
_aAmérica Latina _xCivilización _916665 |
|
| 651 | 7 |
_aVenezuela _xCivilización _926230 _2LEMB |
|
| 700 | 1 |
_aPrats Sariol, José, _d1946- _epról. _920813 |
|
| 700 | 1 |
_aHernández, Clara, _eed. _94129 |
|
| 830 | 0 |
_aLiteratura latinoamericana ; _v131 _9500 |
|
| 910 | _aCatalogación por copia / LC | ||
| 942 |
_2ddc _cLBS1 |
||
| 999 |
_c7274 _d7274 |
||